00273nam a2200121Ia 45000030006000000080041000060400015000471000017000622450012000792600031000915460012001220050017001340STCL150530s9999 xx 000 0 und d aSTCLcSTCL aRamsey, A.S. aStatics bCambridge universityc1965 aEnglish20220125170020.0